Math links / (Record no. 8354)
[ view plain ]
| 000 -LEADER | |
|---|---|
| fixed length control field | 00658nam a22002537a 4500 |
| 003 - CONTROL NUMBER IDENTIFIER | |
| control field | OSt |
| 005 - DATE AND TIME OF LATEST TRANSACTION | |
| control field | 20140310182021.0 |
| 008 - FIXED-LENGTH DATA ELEMENTS--GENERAL INFORMATION | |
| fixed length control field | 130731t xxu||||| |||| 00| 0 eng d |
| 020 ## - INTERNATIONAL STANDARD BOOK NUMBER | |
| International Standard Book Number | 9780199152919 |
| 050 ## - LIBRARY OF CONGRESS CALL NUMBER | |
| Classification number | QA 135.6 |
| Item number | .Al417 2009 |
| 082 ## - DEWEY DECIMAL CLASSIFICATION NUMBER | |
| Classification number | TR 510 |
| Item number | A417a 2009 |
| 100 ## - MAIN ENTRY--PERSONAL NAME | |
| Personal name | Allan, Ray |
| 9 (RLIN) | 7064 |
| 245 ## - TITLE STATEMENT | |
| Title | Math links / |
| Statement of responsibility, etc | Ray Allan, Nina Patel, Martin Williams. |
| 260 ## - PUBLICATION, DISTRIBUTION, ETC. (IMPRINT) | |
| Place of publication, distribution, etc | New York : |
| Name of publisher, distributor, etc | Oxford, |
| Date of publication, distribution, etc | 2009. |
| 300 ## - PHYSICAL DESCRIPTION | |
| Extent | 275 p. : |
| Dimensions | 26 cm. |
| 440 ## - SERIES STATEMENT/ADDED ENTRY--TITLE | |
| Title | Math Links |
| 9 (RLIN) | 7065 |
| 541 ## - IMMEDIATE SOURCE OF ACQUISITION NOTE | |
| -- | 1 |
| 541 ## - IMMEDIATE SOURCE OF ACQUISITION NOTE | |
| -- | 1 |
| 562 ## - COPY AND VERSION IDENTIFICATION NOTE | |
| Number of copies | 1 |
| 650 ## - SUBJECT ADDED ENTRY--TOPICAL TERM | |
| Topical term or geographic name as entry element | Mathematics |
| 9 (RLIN) | 210 |
| 830 ## - SERIES ADDED ENTRY--UNIFORM TITLE | |
| Uniform title | A8 |
| 9 (RLIN) | 7066 |
| 830 ## - SERIES ADDED ENTRY--UNIFORM TITLE | |
| Uniform title | A9 |
| 9 (RLIN) | 7067 |
| 942 ## - ADDED ENTRY ELEMENTS (KOHA) | |
| Source of classification or shelving scheme | Library of Congress Classification |
| Koha item type | |
| Call number prefix | |
| Withdrawn status | Lost status | Source of classification or shelving scheme | Damaged status | Home library | Current library | Shelving location | Date acquired | Total Checkouts | Full call number | Barcode | Date last seen | Date checked out | Copy number | Price effective from | Koha item type |
|---|---|---|---|---|---|---|---|---|---|---|---|---|---|---|---|
| Library of Congress Classification | Luxembourg Library | Luxembourg Library | Teachers Reference Section | 07/31/2013 | 1 | QA 135.6 .Al417A8 2009 | 19132 | 05/21/2015 | 05/18/2015 | 1 | 10/03/2013 | Books | |||
| Library of Congress Classification | Luxembourg Library | Luxembourg Library | Teachers Reference Section | 07/31/2013 | QA 135.6 .Al417A9 2009 | 19433 | 08/13/2013 | 1 | 07/31/2013 | Books |